000 00503cam a2200217ua 4500
001 10460
005 20260515114626.0
008 190226n ii |||gr||||Z||||||asm
020 _a9789381784570
040 _cMAIN
041 _aasm
082 _a302
100 _aJyoti Prasad Saikia,
_eAuthor.
245 _aSamajik manubigyan
250 _a3rd ed.
260 _aJorhat:
_bBidya bhawan,
_c2015.
300 _a213p.
653 _aSocial interaction
653 _aSocial psychology
942 _cBK
999 _c9436
_d9436